The second epistle of Paul to the Corinthians ; An introduction and commentary
Furkejuvvon:
| Váldodahkki: | |
|---|---|
| Materiálatiipa: | Girji |
| Giella: | eaŋgalasgiella |
| Almmustuhtton: |
Grand Rapids
Eerdmans
1979
|
| Preanttus: | 9th ed. |
| Fáttát: | |
| Fáddágilkorat: |
Lasit fáddágilkoriid
Eai fáddágilkorat, Lasit vuosttaš fáddágilkora!
|
MARC
| LEADER | 00000nam a22000005a 4500 | ||
|---|---|---|---|
| 003 | CL-ChBUA | ||
| 005 | 20171005151226.0 | ||
| 007 | ta | ||
| 008 | 090723s1979 xxu||||| |||| 000 ||eng | ||
| 020 | |a 0802814077 | ||
| 040 | |a CL-ChBUA |c CL-ChBUA |e rda | ||
| 082 | 0 | 0 | |a 227.3 |
| 100 | 1 | |a Tasker, R.V.G. | |
| 245 | 1 | 0 | |a The second epistle of Paul to the Corinthians ; |b An introduction and commentary |
| 250 | |a 9th ed. | ||
| 260 | |a Grand Rapids |b Eerdmans |c 1979 | ||
| 300 | |a 197 p. |c 20 cm. | ||
| 504 | |a índice | ||
| 630 | 4 | |a BIBLIA |x NUEVO TESTAMENTO |x COMENTARIOS | |
| 650 | 4 | |a II CORINTIOS (EPISTOLA) |x COMENTARIOS | |
| 942 | |c LIB |2 ddc | ||
| 945 | |0 nac | ||
| 952 | |0 0 |1 0 |2 ddc |4 0 |6 227_300000000000000_T_198 |7 0 |9 62413 |a UNACH |b UNACH |c 200 |d 2009-07-23 |i 41.396 |l 0 |o 227.3 / T 198 |p 63548 |r 2014-08-22 00:00:00 |u 62413 |w 2012-08-08 |y LIB | ||
| 999 | |c 26451 |d 26451 | ||